000 00639nam a22002177a 4500
001 3459
003 BD-RjUL
005 20211208233732.0
008 131219r19671948un | | |||| 001 0 eng d
035 _a(BD-RjUL)3493
040 _aBD-RjUL
_beng
_cBD-RjUL
041 _aeng
082 0 4 _221
_a307.12160945
_bLAC
100 _aLaski, Harold J
_98238
245 _aCommunist Manifesto Socialist Landmark :
_bA New Appreciation Waitten for the Labour Party /
_cLaski, Harold J
260 _aLondon :
_bGeorge Allen and Unwin Ltd
_c1967
300 _a159p. ;
_c18cm.
504 _aIncludes index
650 0 7 _aKarl-Marx
_910881
942 _2ddc
_cBK
999 _c3459
_d3459